ბათუმის შოთა რუსთაველის სახელმწიფო უნივერსიტეტის ბიბლიოთეკა

მესამე საერთაშორისო კონფერენცია "განათლება და განვითარება (ბიბ.ჩანაწერი № 34880)

000 -LEADER
fixed length control field 01033nam a2200217Ia 4500
001 - CONTROL NUMBER
control field 701
003 - CONTROL NUMBER IDENTIFIER
control field GE_BSU
008 - FIXED-LENGTH DATA ELEMENTS--GENERAL INFORMATION
fixed length control field 181216s||||||||xx |||||||||||||| ||und||
040 ## - CATALOGING SOURCE
Transcribing agency GE_BSU
080 ## - UNIVERSAL DECIMAL CLASSIFICATION NUMBER
Universal Decimal Classification number 37(063)
245 ## - TITLE STATEMENT
Title მესამე საერთაშორისო კონფერენცია "განათლება და განვითარება
245 ## - TITLE STATEMENT
Remainder of title გორის სასწავლო უნივერსიტეტი,საქართველო 2010,1-2 ოქტომბერი
260 ## - PUBLICATION, DISTRIBUTION, ETC.
Place of publication, distribution, etc. გორი
260 ## - PUBLICATION, DISTRIBUTION, ETC.
Name of publisher, distributor, etc. საქართველო
260 ## - PUBLICATION, DISTRIBUTION, ETC.
Date of publication, distribution, etc. 2010
300 ## - PHYSICAL DESCRIPTION
Extent 479გვ.
520 ## - SUMMARY, ETC.
Summary, etc. კონფერენციის სამუშაო ნენები:ქართული,ინგლისური,რუსული
653 ## - INDEX TERM--UNCONTROLLED
Uncontrolled term მესამე საერთაშორისო კონფერენცია "განათლება და განვითარება
942 ## - ADDED ENTRY ELEMENTS (KOHA)
Koha item type წიგნი
ეგზემპლარები
Withdrawn status Lost status Damaged status Not for loan Date acquired Barcode Date last seen Price effective from Koha item type
        2018-12-17 1606 2018-12-17 2018-12-17 წიგნი